Rajesh Patel and others v MRD Property Developments Ltd (Record no. 84154)

MARC details
000 -LEADER
fixed length control field 01236cad a22002175a 4500
001 - CONTROL NUMBER
control field L156780
008 - FIXED-LENGTH DATA ELEMENTS--GENERAL INFORMATION
fixed length control field 120713e2012 xxk 000 0 eng d
035 ## - SYSTEM CONTROL NUMBER
System control number (Sirsi) u156780
041 0# - LANGUAGE CODE
Language code of text/sound track or separate title eng
245 00 - TITLE STATEMENT
Title Rajesh Patel and others v MRD Property Developments Ltd
Medium [electronic resource]
260 ## - PUBLICATION, DISTRIBUTION, ETC.
Date of publication, distribution, etc. 2012
520 ## - SUMMARY, ETC.
Summary, etc. [2012] EWCA Civ 727, 31 May 2012. Concerns what a landlord needs to provide to a tenant to recover the costs of insurance premiums in a situation where a lease requires provision of a "written demand". Appellant P argued that his lease was wrongly forfeited, claiming that the relevant arrears included insurance rent that had not been demanded. "Held": Appeal dismissed. The court found that the provision of the insurance demand constituted a written demand from the defendant landlord M to the tenants.
590 ## - LOCAL NOTE (RLIN)
Local note KA
650 24 - SUBJECT ADDED ENTRY--TOPICAL TERM
Topical term or geographic name entry element LAW OF PROPERTY ACT 1925 S146
650 24 - SUBJECT ADDED ENTRY--TOPICAL TERM
Topical term or geographic name entry element PATEL AND ORS V MRD PROPERTY DEVELOPMENTS LTD
650 24 - SUBJECT ADDED ENTRY--TOPICAL TERM
Topical term or geographic name entry element MANNAI INVESTMENT CO LTD V EAGLE STAR LIFE ASSURANCE CO LTD UK
651 #4 - SUBJECT ADDED ENTRY--GEOGRAPHIC NAME
Geographic name England and Wales
Chronological subdivision 1543-
690 ## - LOCAL SUBJECT ADDED ENTRY--TOPICAL TERM (OCLC, RLIN)
Topical term or geographic name as entry element Landlord and tenant
9 (RLIN) 6252
856 40 - ELECTRONIC LOCATION AND ACCESS
Uniform Resource Identifier <a href="https://www.bailii.org/ew/cases/EWCA/Civ/2012/727.html">https://www.bailii.org/ew/cases/EWCA/Civ/2012/727.html</a>
Public note View the law report at www.bailii.org
942 ## - ADDED ENTRY ELEMENTS (KOHA)
Suppress in OPAC 0
Holdings
Withdrawn status Lost status Source of classification or shelving scheme Damaged status Not for loan Home library Current library Shelving location Date acquired Total Checkouts Full call number Barcode Date last seen Copy number Price effective from Koha item type
    Dewey Decimal Classification     Virtual Virtual Online 13/07/2012   ONLINE PUBLICATION 156780-2001 06/08/2019 1 06/08/2019 Law report